KUNGA ZA NATHARI YA KISWAHILI: Tamthilia,Riwaya na Hadithi fupi (Record no. 6496)
[ view plain ]
| 000 -LEADER | |
|---|---|
| fixed length control field | 00408nam a2200133Ia 4500 |
| 050 ## - LIBRARY OF CONGRESS CALL NUMBER | |
| Classification number | PL 8704 |
| Item number | K8M6 1995 |
| 020 ## - INTERNATIONAL STANDARD BOOK NUMBER | |
| International Standard Book Number | 9966468366 |
| 040 ## - CATALOGING SOURCE | |
| Transcribing agency | Chuka University Library |
| 008 - FIXED-LENGTH DATA ELEMENTS--GENERAL INFORMATION | |
| fixed length control field | 230105s9999||||xx |||||||||||||| ||und|| |
| 100 ## - MAIN ENTRY--PERSONAL NAME | |
| Personal name | MOHAMED SAID AHMED |
| 9 (RLIN) | 4083 |
| 245 #0 - TITLE STATEMENT | |
| Title | KUNGA ZA NATHARI YA KISWAHILI: Tamthilia,Riwaya na Hadithi fupi |
| 260 ## - PUBLICATION, DISTRIBUTION, ETC. | |
| Place of publication, distribution, etc. | EAST AFRICAN PUBLISHERS |
| Name of publisher, distributor, etc. | NAIROBI |
| Date of publication, distribution, etc. | 1995 |
| 942 ## - ADDED ENTRY ELEMENTS (KOHA) | |
| Koha item type | Long Loan Books |
| Koha issues (borrowed), all copies | 3 |
| Withdrawn status | Lost status | Source of classification or shelving scheme | Damaged status | Not for loan | Collection | Home library | Current library | Shelving location | Date acquired | Total Checkouts | Full call number | Barcode | Date last seen | Date last checked out | Copy number | Price effective from | Koha item type |
|---|---|---|---|---|---|---|---|---|---|---|---|---|---|---|---|---|---|
| Library of Congress Classification | General Collection Books | Main Campus Library | Main Campus Library | General Stacks | 05/01/2023 | 3 | PL 8704 .K8M6 1995 | 4521/2009 | 09/03/2026 | 17/02/2026 | C.1 | 05/01/2023 | Long Loan Books |
